Catálogo
 En Linea

El abuelo. / (Registro nro. 41748)

Detalles MARC
000 -CABECERA
campo de control de longitud fija 00565nam a2200193 a 4500
001 - NÚMERO DE CONTROL
campo de control 000042259
005 - FECHA Y HORA DE LA ÚLTIMA TRANSACCIÓN
campo de control 20240530073922.0
008 - DATOS DE LONGITUD FIJA--INFORMACIÓN GENERAL
campo de control de longitud fija 131120s1997 xxu 000 f spa d
040 ## - FUENTE DE LA CATALOGACIÓN
Centro catalogador/agencia de origen DO-SdBNP
Lengua de catalogación spa
Centro/agencia transcriptor BNPHU
082 ## - NÚMERO DE LA CLASIFICACIÓN DECIMAL DEWEY
Número de clasificación RD863.44
Número de documento/Ítem P592a
100 1# - ENTRADA PRINCIPAL--NOMBRE DE PERSONA
Nombre de persona Pichardo, Simeón
9 (RLIN) 69288
245 13 - MENCIÓN DE TÍTULO
Título El abuelo. /
Mención de responsabilidad, etc. Simeón Pichardo.
260 ## - PUBLICACIÓN, DISTRIBUCIÓN, ETC.
Lugar de publicación, distribución, etc. New York :
Nombre del editor, distribuidor, etc. Teófilo,
Fecha de publicación, distribución, etc. 1997.
300 ## - DESCRIPCIÓN FÍSICA
Extensión 197 p. ;
Dimensiones 21 cm.
590 ## - NOTA LOCAL (RLIN)
Nota local Inventariado, 2020/MFF
650 #0 - PUNTO DE ACCESO ADICIONAL DE MATERIA--TÉRMINO DE MATERIA
Término de materia o nombre geográfico como elemento de entrada Novela dominicana
9 (RLIN) 223
650 #0 - PUNTO DE ACCESO ADICIONAL DE MATERIA--TÉRMINO DE MATERIA
Término de materia o nombre geográfico como elemento de entrada Literatura dominicana.
9 (RLIN) 67
910 ## - DATOS DE OPCIÓN DEL USUARIO (OCLC)
Datos de opción del usuario Validado. Control de calidad MFF
Existencias
Estado de retiro Estado de pérdida Restricciones de uso No para préstamo Código de colección Localización permanente Ubicación/localización actual Ubicación en estantería Fecha de adquisición Número de inventario Total de préstamos Signatura topográfica completa Código de barras Fecha visto por última vez Precio válido a partir de Tipo de ítem Koha
      Excluido de préstamo Monografías: Libros y Folletos General General Depósito 20.11.2013 LF1   RD863.44 P592a 42259-10 25.06.2020 25.06.2020 No se presta

Con tecnología Koha